Sports Quiz

Random Sports or Basketball Quiz
Score 0/20 Timer 04:00
7 Plays Today
Rank Player % Correct
7.Lisa Leslie
80.4%
8.Sue Bird
72.4%
T5.Katie Smith
71.7%
20.Tangela Smith
70.6%
1.Diana Taurasi
68.9%
9.Lauren Jackson
63.8%
2.Tina Thompson
61.6%
18.Candace Parker
58.8%
3.Tamika Catchings
57.9%
19.Swin Cash
46.7%
Rank Player % Correct
12.Becky Hammon
45.5%
4.Cappie Pondexter
39.5%
10.Tina Charles
38.8%
14.Katie Douglas
38.2%
15.Lindsay Whalen
35.7%
T5.Candice Dupree
33.4%
11.Seimone Augustus
33.4%
13.DeLisha Milton-Jones
30.8%
16.Angel McCoughtry
24.2%
17.Sylvia Fowles
19.9%

You're not logged in!

Compare scores with friends on all Sporcle quizzes.
OR
Log In

Sporcle TV

Today on Sporcle TV


Watch our educational content, quiz creation guides, and fun videos on Sporcle TV.

Show Comments

Extras

Top Quizzes Today


Score Distribution

Paid Content

Your Account Isn't Verified!

In order to create a playlist on Sporcle, you need to verify the email address you used during registration. Go to your Sporcle Settings to finish the process.

Report this User

Report this user for behavior that violates our Community Guidelines.

Details: